Do roku 2040 roztočí ekonomiku Cirkulární Česko
Strategický rámec cirkulárnej ekonomiky Českej republiky 2040 vypracovaný Ministerstvom životného prostredia. Priority a opatrenia v rámci Cirkulárneho Česka 2040. Finančná podpora a monitorovacia správa o plnení stratégie.
Gespeichert in:
| 1. Verfasser: | |
|---|---|
| Format: | Buchkapitel |
| Sprache: | Tschechisch |
| Schlagworte: | |
| Tags: |
Keine Tags, Fügen Sie das erste Tag hinzu!
|
MARC
| LEADER | 00000naa a2200000 4500 | ||
|---|---|---|---|
| 001 | 0288117 | ||
| 005 | 20240417075215.8 | ||
| 041 | 0 | |a cze | |
| 044 | |a CZ | ||
| 245 | 1 | 0 | |a Do roku 2040 roztočí ekonomiku Cirkulární Česko |c Ondřej Charvát |
| 520 | |a Strategický rámec cirkulárnej ekonomiky Českej republiky 2040 vypracovaný Ministerstvom životného prostredia. Priority a opatrenia v rámci Cirkulárneho Česka 2040. Finančná podpora a monitorovacia správa o plnení stratégie. | ||
| 610 | 2 | 0 | |a prostredie životné |
| 610 | 2 | 0 | |a opatrenia |
| 610 | 2 | 0 | |a hospodárstvo obehové |
| 610 | 2 | 0 | |a Česko |
| 100 | 1 | |a Charvát, Ondřej | |